Indian States and Union Territories by Former Name - Statistics

General Stats
  • This quiz has been taken 72 times
  • The average score is 11 of 14
Answer Stats
Former Name Current Name % Correct
Madras State Tamil Nadu
89%
Central Provinces Madhya Pradesh
86%
East Punjab Punjab
86%
Hyderabad State Telangana
86%
Mysore State Karnataka
79%
Travancore-Cochin Kerala
79%
Laccadive Lakshadweep
79%
Orissa Odisha
79%
Uttaranchal Uttarakhand
78%
Pondicherry Puducherry
75%
United Provinces Uttar Pradesh
73%
Tipperah Tripura
67%
North-East Frontier Arunachal Pradesh
63%
Dremoshong Sikkim
56%
No matching quizzes found
Score Distribution
Percent of People with Each Score
Percentile by Number Answered
Your Score History
You have not taken this quiz